Running Man/Exo/Others Quiz Stats

 Plays Quiz not verified by Sporcle

Score 0/20 Timer 11:00
0 Plays Today
% Correct
Jackson
87.2%
Kwang Soo
86.6%
Gary
84.9%
Jong Kook
82.4%
Baekhyun
81.8%
Yoo Jae Suk
81.3%
Ji Hyo
79.8%
Chanyeol
79%
Tao
77.6%
G-Dragon
76.6%
% Correct
Lay
73.8%
Ha Ha
73.4%
D.O
72.2%
YG
71.5%
Ji Suk Jin
70.5%
Suho
67.4%
Tukutz
65%
T.O.P
58.4%
Kris
55.2%
Tablo
48.5%

You're not logged in!

Compare scores with friends on all Sporcle quizzes.
OR
Log In

Sporcle TV

Today on Sporcle TV


Watch our educational content, quiz creation guides, and fun videos on Sporcle TV.

Show Comments

Extras

Top Quizzes Today


Score Distribution

Your Account Isn't Verified!

In order to create a playlist on Sporcle, you need to verify the email address you used during registration. Go to your Sporcle Settings to finish the process.

Report this User

Report this user for behavior that violates our Community Guidelines.

Details: